The coming of the Devi : Adivasi Assertion in Western India (Record no. 22731)

MARC details
000 -LEADER
fixed length control field 00530cam a2200181 a 4500
020 ## - INTERNATIONAL STANDARD BOOK NUMBER
ISBN 0195619579 :
082 00 - DEWEY DECIMAL CLASSIFICATION NUMBER
Classification number 294
Author Cutter HAR
100 1# - MAIN ENTRY--AUTHOR NAME
Author name Hardiman, David.
245 14 - TITLE STATEMENT
Title The coming of the Devi : Adivasi Assertion in Western India
260 ## - PUBLICATION, DISTRIBUTION, ETC. (IMPRINT)
Place of publication Delhi ;
-- New York :
Name of publisher Oxford University Press,
Year of publication 1987.
300 ## - PHYSICAL DESCRIPTION
Number of Pages x, 248 p. :
Other physical details ill., 5 maps ;
500 ## - GENERAL NOTE
General note Includes index.
650 #0 - SUBJECT ADDED ENTRY--TOPICAL TERM
Topical Term Adivasis
650 #0 - SUBJECT ADDED ENTRY--TOPICAL TERM
Topical Term Peasants
856 42 - ELECTRONIC LOCATION AND ACCESS
Uniform Resource Identifier http://www.loc.gov/catdir/enhancements/fy0635/87900016-d.html
942 ## - ADDED ENTRY ELEMENTS (KOHA)
Koha item type Books
Holdings
Home library Current library Shelving location Date acquired Full call number Accession Number Koha item type
Henry Martyn Institute Library Henry Martyn Institute Library General stacks 10/09/2019 294 HAR 25614 Books
                   Copyright © 2026 | Henry Martyn Institute | Hyderabad | TS-500052 | INDIA | Implemented by hmi.edu.in
Hit-Count:

Powered by Koha